01074nam a2200265 a 450000100060000000300080000600500170001400800410003103500190007204000270009104100080011808200300012611100790015624502350023525000140047026000640048430000370054835000100058550000520059550400310064765000220067865000310070070000240073171000530075546995BD-RjUL20211209054237.0160806s1968 pk c b 100 0 eng  a(BD-RjUL)47114 aDLCcDLCdBD-RjULbeng aeng00a354.5490074223bPUB 19682 aSeminar on Public Administration and Police in Pakistan,cPeshawar,d1962.10aPublic administration and police in Pakistan :bincorporating report of a Seminar on Police Administration inaugurated by President Field Marshal Mohammad Ayub Khan /cEditor: S. M. Haider. With a foreword by Syed Faridullah Shah. a[1st ed.] aPeshawar :bPakistan Academy for Rural Development,c[1968] a5, x, 331 p. :bports. ;c24 cm. a15.00 aOrganized by the Academy for Rural Development. aBibliographical footnotes. 0aPolicezPakistan. 0aLaw enforcementzPakistan.1 aHaider, S. M.,eed.1 aPeshawar (City).bAcademy for Rural Development.